00434nam a2200193Ia 4500008004000000041000800040082001200048100001000060245005100070260003800121440000600159650000800165650001400173650000700187650000700194650001200201650001300213650001400226210210b1909 xxu||||| |||| 00| 0 eng d aeng a942/339 aLODGE aPolitical history of England: 1702-1760 Vol IX aLondonbLongmans Green & Coc1909 a9 aVol aPolitical aof aIX ahistory aEngland: a1702-1760